000 00831nam a22002297a 4500
999 _c177560
_d177560
005 20210408115256.0
010 _aB-739255-257 B-739739
020 _a9789390189151
_c595.00
035 _aB-739255-257
035 _aB-739739
037 _bScholastic
037 _bGift
082 _aS
100 _aStilton, Thea
245 _aThe magic of the mirror /
_cby Thea Stilton
260 _bScholastic
_aNew York
_c2020
270 _a557 Broadway
_bNew York
_eNY 10012
300 _a306p.:
_c20cm(Hb)
_bill.
942 _2ddc
_cCH
_mSTI
_hS